000 00715nam a22001937a 4500
999 _c171034
_d171034
005 20200110154810.0
010 _aA-678326
020 _c75.00
_a-
035 _aA-678326
037 _bBPPD
082 _a841
100 _aمحی ا لد ين قا د ر ی ز و ر
245 _aا ر د و شا عر ی کا ا نتخا ب
_cمحی ا لد ين قا د ر ی ز و ر
246 _aUrdu Shairi Ka Intekhab (Urdu)
_bby Syed Mohiuddin Qadri Zore
260 _aN.Delhi
_c1960 ء
_bSahitya Acedemy
270 _bN.Delhi
_k-
_e110001
_a35,Ravinder Bhawan Firoz Shah Road,
300 _a306 ص
_c22 cm(hb)
942 _2ddc
_cUR
_h841
_mم ح ی